| 000 | 00518nam a22001457a 4500 | ||
|---|---|---|---|
| 082 | _a621.3 | ||
| 100 | _aJilani, Syeda Fizzah | ||
| 245 |
_aNovel Star-shaped Fractal Design of Slotted Rectangular Patch Antenna for High Gain and Bandwidth / _cSyeda Fizzah Jilani |
||
| 260 |
_aIslamabad : _bCEME - NUST, _c2013. |
||
| 300 |
_a74 p. ; _c30cm. |
||
| 650 |
_aElectrical Engineering-MS-Thesis _916073 |
||
| 700 |
_aDr. Hamood-Ur-Rahman _931458 |
||
| 942 |
_2ddc _cTHE |
||
| 999 |
_c536512 _d536512 |
||